REFURBISHMENT OF OPERATIONAL PIPELINES

Bibliographic Details
Main Author: Leeds, J. M. (Author)
Format: Article
Language:English
ISBN:8070992433

MARC

LEADER 00000naa a2200000uu 4500
001 vtls011078553
003 SK-MaSNL
005 20260302135919.0
008 210905|1995 xo |||||||||||||||||eng|
015 |a SNBRA 
035 |a (urnnbn)urn:nbn:sk:snk:ar-a0cgjd 
035 |a (uuid)a1acfd11-584e-4b8c-86ee-282b1a4337be 
035 |a urn:nbn:sk:snk-aavmm1 
040 |a SNKBUCL  |b slo  |c SNKBUCL  |e AACR2 
041 0 |a eng 
044 |a xo  |c SK 
100 1 |a Leeds, J. M.  |4 aut  |9 825395 
245 1 0 |a REFURBISHMENT OF OPERATIONAL PIPELINES  |c J. M. LEEDS 
773 0 |t Korózia úložných zariadení '95  |d Košice : Technická univerzita, 1995  |g S. 43-64  |z 8070992433 
958 |a OND 
958 |a article12 
958 |a chapter 
999 |c 1328713  |d 1330643